Очерки методологии биологического исследования (система методов биологии)

Bibliografiset tiedot
Päätekijä: Фролов И. Т. Иван Тимофеевич
Yhteenveto:Среди многих важных философских проблем современного естествознания особое значение в исследованиях И. Т. Фролова занимали вопросы методологии и логики научного исследования. Как отражаются на диалектическом методе познания методологические сдвиги, происходящие в современном естествознании, и какие модификации претерпевают установленные ранее закономерности научного исследования? Каково теоретико-познавательное значение традиционных и новых специальных методов исследования и объяснения фактов? Попыткой ответить на некоторые из этих вопросов (рассмотреть главным образом систему методов научного исследования) и является предлагаемая работа. Изложение основано на материале биологической науки, весьма показательной с точки зрения анализа новых тенденций и методов познания и чрезвычайно перспективной области современного научного исследования природы. Издание рассчитано на специалистов в области биологии, философии и истории науки.
Kieli:venäjä
Julkaistu: Москва, Изд-во ЛКИ, 2013
Sarja:Из наследия И. Т. Фролова
Aiheet:
Aineistotyyppi: MixedMaterials Kirja
KOHA link:https://koha.lib.tpu.ru/cgi-bin/koha/opac-detail.pl?biblionumber=222448

MARC

LEADER 00000nam0a2200000 4500
001 222448
005 20231101230449.0
010 |a 9785382014203 
035 |a (RuTPU)RU\TPU\book\242660 
090 |a 222448 
100 |a 20120924d2013 k y0rusy50 ca 
101 0 |a rus 
102 |a RU 
105 |a y z 001zy 
200 1 |a Очерки методологии биологического исследования (система методов биологии)  |f И. Т. Фролов 
210 |a Москва  |c Изд-во ЛКИ  |d 2013 
215 |a 285 с. 
225 1 |a Из наследия И. Т. Фролова 
320 |a Библиогр.: с. 270-280. 
330 |a Среди многих важных философских проблем современного естествознания особое значение в исследованиях И. Т. Фролова занимали вопросы методологии и логики научного исследования. Как отражаются на диалектическом методе познания методологические сдвиги, происходящие в современном естествознании, и какие модификации претерпевают установленные ранее закономерности научного исследования? Каково теоретико-познавательное значение традиционных и новых специальных методов исследования и объяснения фактов? Попыткой ответить на некоторые из этих вопросов (рассмотреть главным образом систему методов научного исследования) и является предлагаемая работа. Изложение основано на материале биологической науки, весьма показательной с точки зрения анализа новых тенденций и методов познания и чрезвычайно перспективной области современного научного исследования природы. Издание рассчитано на специалистов в области биологии, философии и истории науки. 
606 1 |a Биология  |x Методология  |2 stltpush  |3 (RuTPU)RU\TPU\subj\28715  |9 52218 
610 1 |a биологические исследования 
610 1 |a научные исследования 
610 1 |a сравнительный метод 
610 1 |a исторический метод 
610 1 |a эксперименты 
610 1 |a моделирование 
675 |a 57:1  |v 3 
700 1 |a Фролов  |b И. Т.  |g Иван Тимофеевич 
801 1 |a RU  |b 63413507  |c 20120924 
801 2 |a RU  |b 63413507  |c 20121126  |g RCR 
942 |c BK 
959 |a 120/20120924  |d 1  |e 256,96  |f ЧЗТЛ:1